01159nab a22002177a 4500003000400000005001700004008004100021040000700062100002700069245010800096260007300204300001300277500007600290505025100366505008900617650002900706650002500735650002400760650002500784773013200809OSt20251226212011.0190603e xxum|||| |||| 00| 0 spa d cPJ aNegri, Nicolás Jorge10aContratación electrónica. A propósito del servicio de telefonía móvil /cNicolás J. Negri.  cCiudad Autónoma de Buenos Aires :aThomson Reuters La Ley, b2025. ap. 21-38 aCita: TR LALEY AR/DOC/1053/2025 Publicado en: RCCyC 2025 (junio) , 21. aSumario: I. Preludio.— II. El fin declamado y los motivos subyacentes.— III. Variaciones del tema: la especificidad del contrato electrónico de telefonía celular.— IV. El contrato de servicio de telefonía móvil.— V. Conclusión.  t¿Te interesa el texto completo? Solicitalo al correo: koha@justierradelfuego.gov.ar 0aCODIGO CIVIL Y COMERCIAL 0aCOMERCIO ELECTRONICO 0aRELACION DE CONSUMO 0aCONTRATO DE ADHESION0 02713dCiudad Autónoma de Buenos Aires : Thomson Reuters La Ley, 2015-tRevista Código Civil y Comercial. Nº 3 - Junio 2025